000 005720000a22002170004500
999 _c47434
_d47434
001 177
003 CO-MdFUSB
005 20170830173509.0
008 170830b xxu||||| |||| 00| 0 eng d
020 _a0-311-38589-3
040 _cCO-MdBIC
082 0 4 _a863C M36p
100 1 _aMartínez, Carol
245 1 0 _aPaco y Ana aprenden acerca de la Amistad / Carol Martínez, Il. : Peter Stillman
260 _aEE UU : Mundo Hispano
300 _a32 P.
500 _awwwcasabautista.org
505 0 0 _aEducacíon moral.
650 1 4 _aLiteratura Infantil
942 _cLGB